| 000 | 00864nam a2200265Ia 4500 | ||
|---|---|---|---|
| 003 | OSt | ||
| 005 | 20220924122512.0 | ||
| 006 | a|||||r|||| 00| 0 | ||
| 007 | ta | ||
| 008 | 220923b |||||||| |||| 00| 0 per d | ||
| 020 | _a9780856676727 (hbk) | ||
| 020 | _c2520.69 | ||
| 024 | _a243154 | ||
| 037 |
_b9660, 10/09/2010, Elite Publishers Distributors _cTextual |
||
| 040 |
_aARTS _cARTS _bper |
||
| 041 |
_2per _aper |
||
| 082 | _aO164,1D934,MJ, 111Q0 | ||
| 100 |
_aBrend Barbara _9147389 |
||
| 245 | 0 | _aMuhammad Juki's shahnamah of Firdausi | |
| 260 |
_aLondon _bRoyal Asiatic society of Great Britain and Ireland UK _c2010 |
||
| 300 |
_ax,214p. _ccm. |
||
| 650 |
_aPERSIAN LITERATURE _9309 |
||
| 942 |
_hO164,1D934,MJ, 111Q0 _cTEXL _2CC |
||
| 999 |
_c411878 _d411878 |
||